Separated Cities (Minnesota) Quiz Stats

 Plays Quiz not verified by Sporcle

Challenge
Share
Tweet
*All cities in this quiz have a population of at least 50,000.*
Score 0/15 Timer 03:00
0 Plays Today
% Correct
Minnea
98.9%
Saint
97.3%
Ply
96.5%
Du
96%
Blooming
93.3%
Ro
92.7%
Maple
87.1%
Ea
83.9%
% Correct
Edi
82%
Wood
81.5%
Eden
78.2%
Burns
75%
Lake
74.7%
Brooklyn
73.1%
Coon
67.7%

You're not logged in!

Compare scores with friends on all Sporcle quizzes.
Join for Free
OR
Log In

You Might Also Like...

Show Comments

Extras

Top Quizzes Today


Score Distribution

Your Account Isn't Verified!

In order to create a playlist on Sporcle, you need to verify the email address you used during registration. Go to your Sporcle Settings to finish the process.

Report this User

Report this user for behavior that violates our Community Guidelines.

Details: